000 00561nam a2200193Ia 4500
005 20250508164922.0
008 008 250505s9999 xx 000 0 hin d
037 _aDissertations
040 _aFEDL
_beng
_cFEDL
041 _ahin
_2eng
084 _a491.4307, RAV/DI
_qFEDL
100 _aRavi Chand
_9775586
245 0 _aMadhyamik star par hindi shikshan ke uddheshon ka addhyan
260 _c1997
300 _a76p.
546 _aM.Ed. Dissertation (Delhi University)
942 _cDIS
_h491.4307, RAV/DI
999 _c1392017
_d1392017